Choix de poesies

Furkejuvvon:
Bibliográfalaš dieđut
Váldodahkki: Prudhomme, Sully
Materiálatiipa: Girji
Giella:Undetermined
Almmustuhtton: París, Francia Alphonse Lemerre 1928
Fáttát:
Fáddágilkorat: Lasit fáddágilkoriid
Eai fáddágilkorat, Lasit vuosttaš fáddágilkora!

MARC

LEADER 00000nam a2200000Ia 4500
008 170316s9999 xx 000 0 und d
040 |a cru BVZT 
090 |a 840 P-22ch 
100 |a Prudhomme, Sully 
245 |a Choix de poesies 
260 |a París, Francia 
260 |b Alphonse Lemerre 
260 |c 1928 
300 |a 252 páginas 
650 |a LITERATURA FRANCESA 
999 |c 7898  |d 7898 
942 |c 15 D  |h 840 P-22ch  |2 z